Металлорежущие станки: учебник для вузов

Sonraí bibleagrafaíochta
Príomhchruthaitheoir: Ефремов В. Д. Владимир Дмитриевич
Rannpháirtithe: Горохов В. А. Вадим Андреевич (редактор), Схиртладзе А. Г. Александр Георгиевич, Ящерицын П. И. Петр Иванович
Achoimre:В учебнике рассматриваются назначение, устройство, работа механизмов и настройка кинематических цепей основных типов металлорежущих станков, включая станки-автоматы и станки с программным управлением. Даётся понятие об агрегатных и многоцелевых станках, автоматических линиях, гибких переналаживаемых комплексах, оснащённых роботами и манипуляторами. Освещаются вопросы эксплуатации станков, ремонта и модернизации основных узлов металлорежущих станков. Приведены конструкции технологической оснастки и вспомогательного инструмента.
Teanga:Rúisis
Foilsithe / Cruthaithe: Старый Оскол, ТНТ, 2019
Eagrán:2-е изд., стер.
Ábhair:
Formáid: LEABHAR
KOHA link:https://koha.lib.tpu.ru/cgi-bin/koha/opac-detail.pl?biblionumber=340360

MARC

LEADER 00000nam0a2200000 4500
001 340360
005 20231102005230.0
010 |a 9785941781294 
035 |a (RuTPU)RU\TPU\book\367167 
035 |a RU\TPU\book\143450 
090 |a 340360 
100 |a 20080304d2019 m y0rusy50 ca 
101 0 |a rus 
102 |a RU 
105 |a a j 001zy 
200 1 |a Металлорежущие станки  |e учебник для вузов  |f В. Д. Ефремов, В. А. Горохов, А. Г. Схиртладзе  |g под ред. П. И. Ящерицына 
205 |a 2-е изд., стер. 
210 |a Старый Оскол  |c ТНТ  |d 2019 
215 |a 696 с.  |c ил. 
320 |a Литература: с. 672-677 
320 |a Предметный указатель: с. 678-687 
330 |a В учебнике рассматриваются назначение, устройство, работа механизмов и настройка кинематических цепей основных типов металлорежущих станков, включая станки-автоматы и станки с программным управлением. Даётся понятие об агрегатных и многоцелевых станках, автоматических линиях, гибких переналаживаемых комплексах, оснащённых роботами и манипуляторами. Освещаются вопросы эксплуатации станков, ремонта и модернизации основных узлов металлорежущих станков. Приведены конструкции технологической оснастки и вспомогательного инструмента. 
451 1 |0 (RuTPU)RU\TPU\book\114549  |y 5-86783-072-1  |t Металлорежущие станки  |o учебник  |f В. Д. Ефремов [и др.]  |g под ред. П. И. Ящерицына  |e 3-е изд., перераб. и доп.  |c М.  |n Славянская школа  |d 2004  |p 516 с. 
606 1 |a Металлорежущие станки  |2 stltpush  |3 (RuTPU)RU\TPU\subj\42570  |9 62229 
610 1 |a станкостроение 
610 1 |a история 
610 1 |a кинематические цепи 
610 1 |a анализ 
610 1 |a настройка 
610 1 |a построение 
610 1 |a расчет 
610 1 |a приводы 
610 1 |a механизмы 
610 1 |a гидроприводы 
610 1 |a пневмоприводы 
610 1 |a токарные станки 
610 1 |a токарные автоматы 
610 1 |a токарные полуавтоматы 
610 1 |a сверлильные станки 
610 1 |a расточные станки 
610 1 |a фрезерные станки 
610 1 |a строгальные станки 
610 1 |a долбежные станки 
610 1 |a протяжные станки 
610 1 |a шлифовальные станки 
610 1 |a доводочные станки 
610 1 |a зубообрабатывающие станки 
610 1 |a резьбонарезные станки 
610 1 |a зубоотделочные станки 
610 1 |a станки с программным управлением 
610 1 |a агрегатные станки 
610 1 |a автоматические линии 
610 1 |a многоцелевые станки 
610 1 |a роботы 
610 1 |a эксплуатация 
610 1 |a ремонт 
610 1 |a модернизация 
610 1 |a экономическая эффективность 
610 1 |a технологическое оборудование 
610 1 |a паспортизация 
610 1 |a учебники 
610 1 |a машиностроительное производство 
675 |a 621.9.06(075.8)  |v 3 
700 1 |a Ефремов  |b В. Д.  |g Владимир Дмитриевич 
701 1 |a Горохов  |b В. А.  |g Вадим Андреевич 
701 1 |a Схиртладзе  |b А. Г.  |g Александр Георгиевич 
702 1 |a Ящерицын  |b П. И.  |g Петр Иванович  |4 340 
801 1 |a RU  |b 63413507  |c 20180319 
801 2 |a RU  |b 63413507  |c 20190924  |g RCR 
942 |c BK 
959 |a 3/20180221  |d 1  |e 891,00  |f ЧЗТЛ:1